Biblioteca y Centro de Documentación

Dictamen 20-97 (Registro nro. 10053)

Detalles MARC
000 -CABECERA
Longitud fija campo de control 01099nam a2200301 c 4500
001 - NÚMERO DE CONTROL
Número de control 10053
003 - IDENTIFICADOR DE NÚMERO DE CONTROL
Identificador del número de control ES-MaCES
005 - FECHA Y HORA DE LA ÚLTIMA TRANSACCIÓN
Fecha y hora de la última transacción 20141221122041.0
008 - CAMPO FIJO DE DESCRIPCIÓN FIJA--INFORMACIÓN GENERAL
Códigos de información de longitud fija   000112s1999 sp l o000 | spa d
017 ## - NÚMERO DE REGISTRO DE DERECHOS DE AUTOR Y DEPÓSITO LEGAL
Número de copyright o de depósito legal VA 401-1999
Agencia que asigna el número DL
035 ## - NÚMERO DE CONTROL DEL SISTEMA
Número de control del sistema CES20000000392m
040 ## - FUENTE DE CATALOGACIÓN
Centro catalogador de origen ES-MaCES
Lengua de catalogación spa
Centro transcriptor ES-MaCES
245 00 - MENCIÓN DE TÍTULO
Título Dictamen 20-97
Resto del título : sobre el proyecto de Decreto por el que se establece la regulación de los horarios comerciales en el ámbito de la Comunidad de Castilla y León para el año 2000
Mención de responsabilidad, etc. Consejo Económico y Social, Comunidad de Castilla y León
260 ## - PUBLICACIÓN, DISTRIBUCIÓN, ETC (PIE DE IMPRENTA)
Lugar de publicación, distribución, etc. [Valladolid]
Nombre del editor, distribuidor, etc. CES
Fecha de publicación, distribución, etc. 1999
300 ## - DESCRIPCIÓN FÍSICA
Extensión 5 p.
Dimensiones 30 cm
500 ## - NOTA GENERAL
Nota general Dir. de internet: http:\\www.cescyl.es
541 ## - NOTA DE LA FUENTE INMEDIANTE DE ADQUISICIÓN
Forma de adquisición Gratuito
650 #4 - ASIENTO SECUNDARIO DE MATERIA--TÉRMINO DE MATERIA
Término de materia o nombre geográfico como elemento inicial comercio
9 (RLIN) 27943
650 #4 - ASIENTO SECUNDARIO DE MATERIA--TÉRMINO DE MATERIA
Término de materia o nombre geográfico como elemento inicial horario comercial
9 (RLIN) 30971
650 #4 - ASIENTO SECUNDARIO DE MATERIA--TÉRMINO DE MATERIA
Término de materia o nombre geográfico como elemento inicial Castilla y León
9 (RLIN) 30782
650 #4 - ASIENTO SECUNDARIO DE MATERIA--TÉRMINO DE MATERIA
Término de materia o nombre geográfico como elemento inicial régimen jurídico
9 (RLIN) 29894
650 #4 - ASIENTO SECUNDARIO DE MATERIA--TÉRMINO DE MATERIA
Término de materia o nombre geográfico como elemento inicial informe preliminar
9 (RLIN) 28983
653 10 - TÉRMINO DE INDEXACIÓN--NO CONTROLADO
Término no controlado Comercio interno
710 2# - ENCABEZAMIENTO SECUNDARIO--NOMBRE CORPORATIVO
Nombre de entidad o nombre de jurisdicción como elemento inicial Consejo Económico y Social (Castilla y León)
9 (RLIN) 2405
902 ## - CES. TIPO DE DOCUMENTO
Tipodoc (006$c Sirtex) LIB Libro
942 ## - ELEMENTOS KOHA
Fuente de clasificaión o esquema Clasificación propia del CES
Koha [por defecto] tipo de item Monografías
Parte de clasificación 0.0.

No hay ítems disponibles.

© CES, Consejo Económico y Social de España 2021